000 01459nam a2200349 i 4500
003 EG-GICUC
005 20260126183320.0
008 260126s1976 ua ||||fr|||| 001 0 ara d
017 _a1976/2936
040 _a EG-GICUC
_bara
_c EG-GICUC
_d EG-GICUC
_erda
041 0 _aara
082 0 4 _a343.13062
_bر ء . م
_221
092 0 4 _221
099 _aLaw1 10 343.3 ر ؤ . م 11 ed - 1976 1006466
100 0 _aرؤوف عبيد.
_eمؤلف.
245 1 0 _aمبادئ الإجراءات الجنائية في القانون المصري /
_cتأليف الدكتور رؤوف عبيد.
250 _aالطبعة الحادية عشرة،
_bمزيدة ومنقحة وفق آخر التعديلات وأحدث الأحكام.
264 1 _aالقاهرة :
_bمطبعة الاستقلال الكبرى،
_c1976.
300 _a950 صفحة ؛
_c24 سم.
_bإيضاحيات، صور، مثيليات ؛
336 _2rda content
_atext
337 _2rda media
_aComputer
338 _2rda carrier
_aOnline Resource
500 _aيشتمل على كشاف.
504 _aيشتمل على إرجاعات ببليوجرافية.
546 _aالنص باللغة العربية
650 1 _aقانون الإجراءات الجنائية.
_vمصر
_2qrmak
650 1 _aالقانون الجنائي
_vمصر
_2qrmak
651 1 _2qrmak
856 4 0 _uhttps://fll.law.cu.edu.eg/fulltext/bks/B10-06466.pdf
905 _a18
942 _2ddc
_cBK
_e21
_n0
999 _c59514
_d59514